000 00516nam a22001817a 4500
003 UA-OsUOA
001 10695
007 ta
008 20050130b un ||||| |||| 00| 0 ukr d
100 _aКаленченко О.
942 _cSA
040 _aUA-OsUOA
_cUA-OsUOA
_dUA-OsUOA
245 _aУчитель і поет : Миколі Сому -70
300 _aС.57
955 _a0
773 0 _w0
_tДивослово
_dКиїв
_d2005
_g№1
650 7 _aУкраїнське літературознавство
_2UDC
999 _c296856
_d296856